01052nam a2200289Ia 450000500170000000800410001702000180005808200170007610000390009324501530013225000360028530000250032149000240034653400290037065000300039965000300042965000420045965000300050165000300053165000240056170000240058526400300060933600270063933700330066633800280069904000350072720220317001504.0161108s2010 s g 000 0 s  a978844930001104a155.41bW35c1 aWinnicott, Donald Woodsd1896-197110aConozca a su niñobpsicología de las primeras relaciones entre el niño y su familiacDonald W. Winnicott ; traducción de Noemí Rosemblatt a1a. edición, 6a reimpresión a216 páginasc22 cm aGuías para padres tThe child and the family142LEMBaPsicologia Infantil142LEMBaDesarrollo infantil142LEMBaEducacion para la vida familiar142LEMBaEstructura familiar142LEMBaCrianza de niños 142LEMBaPsicoanalisis1 aRosemblatt, Noemí aBarcelonabPaidósc2010 atextobtxt2rdacontent asin mediaciónbn2rdamedia avolumenbnc2rdacarrier aCO-BoRNBPbspaerdacCO-BoRNBP